Bilingual children : from birth to teens

Αποθηκεύτηκε σε:
Λεπτομέρειες βιβλιογραφικής εγγραφής
Κύριος συγγραφέας: Saunders, George 1948-
Μορφή: Βιβλίο
Γλώσσα:English
Δημοσίευση: Clevedon, Avon, England ; Phildadelphia : Multilingual Matters Ltd., c1988
Θέματα:
Ετικέτες: Προσθήκη ετικέτας
Δεν υπάρχουν, Καταχωρήστε ετικέτα πρώτοι!

MARC

LEADER 00000nam a2200000 i 4500
001 1/89585
008 981119s1988 eng d
020 |a 1-85359-010-X 
035 |l 10035785 
035 |a 1993  |b 1  |c Σκούρτου 
040 |a GR-MY-UA  |b gre  |e aacr 
041 0 |a eng 
082 0 |a 404.2  |2 (19) 
100 1 |a Saunders, George  |d 1948- 
245 1 0 |a Bilingual children :  |b from birth to teens /  |c George Saunders 
260 |a Clevedon, Avon, England ; Phildadelphia :   |b Multilingual Matters Ltd.,   |c c1988 
300 |a xiii, 274 p.;  |b ill.;  |c 22 cm 
504 |a Βιβλιογραφία: σ. 259-269 
504 |a Περιέχει ευρετήρια 
650 0 0 |a Bilingualism in children. 
650 0 0 |a Communication in the family. 
852 |a INST  |b RHODES  |e 19981119  |h 404.2 SAU  |p 005400009930  |q 005400009930  |t BK  |y 0 
909 |a Ρ  |b 026426  |c 1993